[Event "Sueca op 6th"]
[Site "Sueca"]
[Date "2022.07.25"]
[Round "1"]
[White "Chernikov, Vladimir"]
[Black "Vila Tormo, Eduardo"]
[Result "1-0"]
[WhiteElo "2258"]
[BlackElo "1696"]
[PlyCount "37"]
[EventDate "2022.07.25"]
[EventType "swiss"]
[EventRounds "9"]
[EventCountry "ESP"]
[SourceTitle "CBM 209 Extra"]
[Source "ChessBase"]
[SourceDate "2022.09.30"]
[SourceVersion "1"]
[SourceVersionDate "2022.09.30"]
[SourceQuality "1"]

1. b3 e5 2. Bb2 Nc6 3. e3 Bc5 4. Nf3 f6 5. d4 exd4 6. exd4 Bb4+ 7. c3 Bd6 8. Bd3 b6 9. Qc2 g6 10. Nbd2 Bb7 11. 0-0-0 Nge7 12. h4 0-0 13. h5 Kg7 14. Nh4 Qe8 15. Rde1 Qf7 16. hxg6 Qd5 17. Nf5+ Nxf5 18. Rxh7+ Kxg6 19. Bxf5+ 1-0

[Event "Quart de Poblet op 7th"]
[Site "Quart de Poblet"]
[Date "2019.08.11"]
[Round "9"]
[White "Balada Moreno, Jose Luis"]
[Black "Vila Tormo, Eduardo"]
[Result "1-0"]
[WhiteElo "2022"]
[BlackElo "1620"]
[PlyCount "133"]
[EventDate "2019.08.05"]
[EventType "swiss"]
[EventRounds "9"]
[EventCountry "ESP"]
[SourceTitle "CBM 191 Extra"]
[Source "ChessBase"]
[SourceDate "2019.09.30"]
[SourceVersion "1"]
[SourceVersionDate "2019.09.30"]
[SourceQuality "1"]

1. e4 c5 2. Nc3 Nc6 3. f4 e6 4. Nf3 Nge7 5. d3 d5 6. Qe2 d4 7. Nd1 g6 8. Nf2 Bg7 9. g3 b5 10. Bg2 a5 11. 0-0 Ba6 12. Bh3 0-0 13. g4 c4 14. f5 cxd3 15. cxd3 exf5 16. gxf5 Re8 17. Ng4 Nxf5 18. Qf2 Ne3 19. Nxe3 dxe3 20. Bxe3 h6 21. Rad1 Nb4 22. Ne1 Qe7 23. Bg2 Rac8 24. Kh1 Bb7 25. a3 Na6 26. Qd2 Kh7 27. Qxa5 Bxb2 28. Qxb5 Bxa3 29. Rb1 Bb4 30. Bd2 Bxd2 31. Qxb7 Qxb7 32. Rxb7 Bxe1 33. Rbxf7+ Kg8 34. R7f6 Nc5 35. Rxe1 Nxd3 36. Rd1 Kg7 37. Rf3 Nc5 38. Re3 Re5 39. Kg1 Rce8 40. Rd4 Ra8 41. Rd5 Rae8 42. Rxe5 Rxe5 43. Kf2 Re8 44. Re2 Rf8+ 45. Ke3 Rd8 46. Rc2 Ne6 47. e5 g5 48. Be4 Kf7 49. Rc6 Ke7 50. Bf5 Nd4 51. Rc7+ Kf8 52. Bg6 Ne6 53. Rf7+ Kg8 54. Ra7 Nf4 55. Bf7+ Kf8 56. Ke4 Rd1 57. Kf5 Rf1 58. Bc4 Rc1 59. Ba6 Re1 60. Bc4 Rc1 61. Ba2 Rc2 62. Kf6 Rc6+ 63. e6 Nh5+ 64. Ke5 Ng7 65. Rf7+ Kg8 66. e7 Rc8 67. Rf8+ 1-0

[Event "Xativa Murta op 5th"]
[Site "Xativa"]
[Date "2019.07.19"]
[Round "7"]
[White "Crespo Calatayud, Santiago"]
[Black "Vila Tormo, Eduardo"]
[Result "0-1"]
[WhiteElo "1758"]
[BlackElo "1587"]
[PlyCount "64"]
[EventDate "2019.07.15"]
[EventType "swiss"]
[EventRounds "9"]
[EventCountry "ESP"]
[SourceTitle "EXT 2020"]
[Source "ChessBase"]
[SourceDate "2019.10.17"]
[SourceVersion "1"]
[SourceVersionDate "2019.10.17"]
[SourceQuality "1"]

1. d4 Nf6 2. Bf4 e6 3. e3 d5 4. Nd2 Bd6 5. Ngf3 Bxf4 6. exf4 0-0 7. Bd3 b6 8. Qe2 a5 9. 0-0 Nbd7 10. Rfe1 Bb7 11. Ne5 c5 12. c3 c4 13. Bc2 b5 14. g4 g6 15. Qf3 Nxe5 16. fxe5 Nd7 17. Qf4 f6 18. Qh6 fxe5 19. Bxg6 Qe7 20. Bc2 e4 21. f3 Rf6 22. Qg5+ Kh8 23. fxe4 Rf1+ 24. Rxf1 Qxg5 25. Rf2 Qxg4+ 26. Rg2 Qf4 27. e5 Rg8 28. Nf1 Rxg2+ 29. Kxg2 Nxe5 30. dxe5 d4+ 31. Kh3 Qf3+ 32. Kh4 Qf2+ 0-1

[Event "Xativa Murta op 5th"]
[Site "Xativa"]
[Date "2019.07.18"]
[Round "5"]
[White "Pallas Moragues, Gerard"]
[Black "Vila Tormo, Eduardo"]
[Result "0-1"]
[WhiteElo "1667"]
[BlackElo "1587"]
[PlyCount "48"]
[EventDate "2019.07.15"]
[EventType "swiss"]
[EventRounds "9"]
[EventCountry "ESP"]
[SourceTitle "EXT 2020"]
[Source "ChessBase"]
[SourceDate "2019.10.17"]
[SourceVersion "1"]
[SourceVersionDate "2019.10.17"]
[SourceQuality "1"]

1. e4 e5 2. Nf3 Nf6 3. Nc3 Bc5 4. h3 Nc6 5. Nxe5 Bxf2+ 6. Kxf2 Nxe5 7. d4 Nc6 8. Bb5 a6 9. Bxc6 dxc6 10. Rf1 0-0 11. Kg1 h6 12. Bf4 Nh7 13. e5 Be6 14. Ne4 Qh4 15. Qd3 Ng5 16. Nxg5 hxg5 17. Bg3 Qh6 18. Rf2 Rad8 19. Qe3 Rd7 20. c3 Rfd8 21. h4 c5 22. dxc5 Rd3 23. Qxg5 Qxg5 24. hxg5 Rxg3 0-1

[Event "Xativa Murta op 5th"]
[Site "Xativa"]
[Date "2019.07.16"]
[Round "3"]
[White "Deruelle Sala, Albert"]
[Black "Vila Tormo, Eduardo"]
[Result "1-0"]
[WhiteElo "2076"]
[BlackElo "1587"]
[PlyCount "63"]
[EventDate "2019.07.15"]
[EventType "swiss"]
[EventRounds "9"]
[EventCountry "ESP"]
[SourceTitle "EXT 2020"]
[Source "ChessBase"]
[SourceDate "2019.10.17"]
[SourceVersion "1"]
[SourceVersionDate "2019.10.17"]
[SourceQuality "1"]

1. Nf3 Nf6 2. g3 b6 3. Bg2 Bb7 4. 0-0 g6 5. d3 Bg7 6. e4 d6 7. Nbd2 0-0 8. Re1 e5 9. Nf1 Nbd7 10. h4 a5 11. Ne3 d5 12. exd5 Nxd5 13. h5 Nxe3 14. Bxe3 Re8 15. Bh3 Bxf3 16. Qxf3 e4 17. dxe4 Ne5 18. Qe2 Qf6 19. Bg2 Qe6 20. c3 Rad8 21. hxg6 hxg6 22. Qc2 Qc4 23. Qb3 a4 24. Qc2 Nd3 25. Red1 Nb4 26. Qxa4 Qe2 27. Rxd8 Rxd8 28. Qxb4 Be5 29. Qe7 Rd1+ 30. Rxd1 Qxd1+ 31. Bf1 Qh5 32. Bc4 1-0

[Event "Alzira Chrismas 7th"]
[Site "Alzira"]
[Date "2017.12.28"]
[Round "4.6"]
[White "Cebolla Moll, Ricardo"]
[Black "Vila Tormo, Eduardo"]
[Result "1-0"]
[WhiteElo "1957"]
[BlackElo "1521"]
[PlyCount "42"]
[EventDate "2017.12.27"]
[EventType "swiss"]
[EventRounds "8"]
[EventCountry "ESP"]
[SourceTitle "EXT 2024"]
[Source "ChessBase"]
[SourceDate "2023.10.10"]
[SourceVersion "1"]
[SourceVersionDate "2023.10.10"]
[SourceQuality "1"]

1. d4 Nf6 2. Bf4 d6 3. e3 g6 4. Bd3 Bg7 5. c3 0-0 6. h4 Nc6 7. Nf3 Bg4 8. Qc2 Nd7 9. Nh2 e5 10. Bg3 Be6 11. Nd2 exd4 12. exd4 Ne7 13. 0-0-0 Nf5 14. h5 Nxg3 15. fxg3 c5 16. hxg6 fxg6 17. Nhf3 Qe7 18. Ne4 cxd4 19. Nxd4 Nc5 20. Nxe6 Nxd3+ 21. Rxd3 Qxe6 1-0

[Event "Burjassot U2200 op 5th"]
[Site "Burjassot"]
[Date "2017.09.08"]
[Round "1"]
[White "Vila Tormo, Eduardo"]
[Black "Orts Candelas, Francesc"]
[Result "0-1"]
[WhiteElo "1611"]
[BlackElo "1132"]
[PlyCount "134"]
[EventDate "2017.09.08"]
[EventType "swiss"]
[EventRounds "7"]
[EventCountry "ESP"]
[SourceTitle "EXT 2024"]
[Source "ChessBase"]
[SourceDate "2023.10.10"]
[SourceVersion "1"]
[SourceVersionDate "2023.10.10"]
[SourceQuality "1"]

1. e4 g6 2. d4 Bg7 3. Nf3 d6 4. Nc3 Nf6 5. Bc4 0-0 6. 0-0 a6 7. a4 Nbd7 8. e5 dxe5 9. dxe5 Ng4 10. e6 Nde5 11. exf7+ Nxf7 12. Qxd8 Rxd8 13. Nd5 Rd7 14. h3 Nge5 15. Nxe5 Bxe5 16. Re1 e6 17. Ne3 Rd6 18. Ng4 Bg7 19. Ra3 Bd7 20. Rf3 Ne5 21. Nxe5 Bxe5 22. Bd3 Bg7 23. Bf4 Rd4 24. Bxc7 Rxa4 25. b3 Rd4 26. Bc4 Re8 27. Rfe3 Kh8 28. Bxe6 Bxe6 29. Rxe6 Rxe6 30. Rxe6 Rd1+ 31. Kh2 Kg8 32. Rb6 Rd7 33. f4 Rxc7 34. c4 Bd4 35. Rd6 Bc5 36. Rd5 Be3 37. g3 Rf7 38. Kg2 h6 39. Kf3 Bc1 40. Ke4 g5 41. f5 Re7+ 42. Kd4 Re3 43. Rd8+ Kf7 44. Rd7+ Kf6 45. Rxb7 Rxg3 46. Rb6+ Kxf5 47. Rxa6 Rxh3 48. c5 Rh4+ 49. Kd5 g4 50. Ra1 Bb2 51. Rb1 Be5 52. c6 g3 53. b4 g2 54. Rg1 Rg4 55. b5 Bh2 56. Rc1 g1Q 57. Rxg1 Rxg1 58. b6 Rd1+ 59. Kc4 Rd6 60. Kb5 Rd5+ 61. Kc4 Re5 62. c7 Re8 63. Kd5 Rc8 64. Kc6 Bxc7 65. b7 Rh8 66. Kxc7 h5 67. Kd6 h4 0-1

[Event "Quart de Poblet op 4th"]
[Site "Quart de Poblet"]
[Date "2016.09.01"]
[Round "1"]
[White "Vila Tormo, Eduardo"]
[Black "Torres Sanchez, Jose"]
[Result "0-1"]
[WhiteElo "1612"]
[BlackElo "2246"]
[PlyCount "96"]
[EventDate "2016.09.01"]
[EventType "swiss"]
[EventRounds "7"]
[EventCountry "ESP"]
[SourceTitle "EXT 2024"]
[Source "ChessBase"]
[SourceDate "2023.10.10"]
[SourceVersion "1"]
[SourceVersionDate "2023.10.10"]
[SourceQuality "1"]

1. e4 c5 2. c3 d5 3. exd5 Qxd5 4. d4 g6 5. Nf3 Bg7 6. Bb5+ Nc6 7. 0-0 cxd4 8. Nxd4 Bd7 9. Be3 Nxd4 10. Bxd4 Bxd4 11. Bxd7+ Qxd7 12. cxd4 Nf6 13. Nc3 0-0 14. Rc1 Rac8 15. Re1 Rc6 16. Qa4 Rfc8 17. g3 e6 18. Kg2 a6 19. Ne4 Nxe4 20. Rxc6 Qxc6 21. Qxc6 Rxc6 22. Rxe4 Rc2 23. Re3 Rxb2 24. Ra3 Kf8 25. Kf3 Ke7 26. Ke3 Kd6 27. h4 Kd5 28. Ra5+ Rb5 29. Ra4 a5 30. Kd3 b6 31. Kc3 Rb1 32. Kd3 Rb2 33. Ke3 h5 34. f3 f6 35. Ra3 Rb4 36. Rc3 Rc4 37. Rb3 Rb4 38. Rc3 Ra4 39. a3 Rxd4 40. Rc8 Ra4 41. Rg8 Rxa3+ 42. Ke2 Rb3 43. Rxg6 f5 44. Rh6 a4 45. Rxh5 a3 46. Rh8 b5 47. h5 b4 48. Ra8 Rb2+ 0-1

[Event "Sueca op 1st"]
[Site "Sueca"]
[Date "2015.07.30"]
[Round "4"]
[White "Ramon Gualberto, Arturo"]
[Black "Vila Tormo, Eduardo"]
[Result "1-0"]
[WhiteElo "1968"]
[BlackElo "1622"]
[PlyCount "97"]
[EventDate "2015.07.27"]
[EventType "swiss"]
[EventRounds "8"]
[EventCountry "ESP"]
[SourceTitle "EXT 2016"]
[Source "ChessBase"]
[SourceDate "2015.10.08"]
[SourceVersion "1"]
[SourceVersionDate "2015.10.08"]
[SourceQuality "1"]

1. e4 c5 2. Nc3 d6 3. g3 Nc6 4. Bg2 e6 5. d3 g6 6. Be3 Bg7 7. Qd2 Qa5 8. Nf3 b5 9. d4 b4 10. Ne2 Nf6 11. Ng5 Ng4 12. e5 d5 13. c3 Nxe3 14. fxe3 Ba6 15. 0-0 0-0 16. Rf2 Bxe2 17. Rxe2 c4 18. e4 Bh6 19. exd5 bxc3 20. bxc3 Bxg5 21. Qxg5 Qxc3 22. Rc1 Qxd4+ 23. Qe3 exd5 24. Qxd4 Nxd4 25. Rd2 Ne6 26. Rxd5 Rac8 27. Rd7 Rfd8 28. Rxa7 c3 29. Be4 Nd4 30. Kf2 Nb5 31. Rb7 Nd4 32. Ke3 c2 33. Rb2 Nf5+ 34. Bxf5 gxf5 35. Rbxc2 Rxc2 36. Rxc2 Kg7 37. Rd2 Re8 38. Kf4 f6 39. exf6+ Kxf6 40. Rd6+ Kf7 41. Kxf5 Re2 42. Rd7+ Kg8 43. a4 Rxh2 44. g4 Rf2+ 45. Kg5 Ra2 46. Ra7 Re2 47. a5 Ra2 48. a6 Ra5+ 49. Kf6 1-0

[Event "Sueca op 1st"]
[Site "Sueca"]
[Date "2015.07.29"]
[Round "3"]
[White "Vila Tormo, Eduardo"]
[Black "Del Arco Gimeno, Juan"]
[Result "1-0"]
[WhiteElo "1622"]
[BlackElo "1894"]
[PlyCount "51"]
[EventDate "2015.07.27"]
[EventType "swiss"]
[EventRounds "8"]
[EventCountry "ESP"]
[SourceTitle "EXT 2016"]
[Source "ChessBase"]
[SourceDate "2015.10.08"]
[SourceVersion "1"]
[SourceVersionDate "2015.10.08"]
[SourceQuality "1"]

1. e4 d6 2. d4 c5 3. d5 Nf6 4. Nc3 g6 5. f4 Bg7 6. Nf3 a6 7. Be2 b5 8. e5 dxe5 9. fxe5 Ng4 10. Bf4 Qb6 11. h3 Nh6 12. d6 Bb7 13. dxe7 Nd7 14. Qd2 Nf5 15. 0-0-0 Qe6 16. Ng5 Qxe7 17. Nd5 Bxd5 18. Qxd5 Rc8 19. e6 fxe6 20. Nxe6 Nd4 21. Nxg7+ Qxg7 22. Bg4 Nf5 23. Rhe1+ Kd8 24. Bg5+ Kc7 25. Bf3 Rb8 26. Qc6# 1-0

[Event "Sueca op 1st"]
[Site "Sueca"]
[Date "2015.07.27"]
[Round "1"]
[White "Vila Tormo, Eduardo"]
[Black "Crecente Penalba, Jose Manuel"]
[Result "0-1"]
[WhiteElo "1622"]
[BlackElo "2153"]
[PlyCount "78"]
[EventDate "2015.07.27"]
[EventType "swiss"]
[EventRounds "8"]
[EventCountry "ESP"]
[SourceTitle "EXT 2016"]
[Source "ChessBase"]
[SourceDate "2015.10.08"]
[SourceVersion "1"]
[SourceVersionDate "2015.10.08"]
[SourceQuality "1"]

1. e4 c5 2. Nc3 Nc6 3. Bc4 g6 4. Nf3 Bg7 5. 0-0 e6 6. Re1 d6 7. a3 Nge7 8. d3 0-0 9. Ba2 Rb8 10. Ne2 b5 11. d4 b4 12. axb4 Rxb4 13. c3 Rb8 14. d5 exd5 15. exd5 Ne5 16. Nxe5 Bxe5 17. Bb3 Qb6 18. Bc4 a5 19. Qa4 Ra8 20. Qb5 Qc7 21. Qa4 Bd7 22. Qc2 Rfb8 23. Nf4 Qb7 24. Nd3 Bf5 25. Qe2 Bf6 26. Qf3 h5 27. Re2 Kg7 28. Kf1 Bg4 29. Qe3 Nf5 30. Qd2 Bxe2+ 31. Qxe2 Re8 32. Qd2 Qe7 33. Bb5 Red8 34. Ra4 h4 35. h3 Rh8 36. f3 Ng3+ 37. Kf2 Bg5 38. Qd1 Bxc1 39. Nxc1 Rh5 0-1

[Event "Valencia Burjassot U2200 op 2nd"]
[Site "Valencia"]
[Date "2014.09.12"]
[Round "1"]
[White "Marin Corresa, Arturo"]
[Black "Vila Tormo, Eduardo"]
[Result "1-0"]
[WhiteElo "2146"]
[BlackElo "1623"]
[PlyCount "70"]
[EventDate "2014.09.12"]
[EventType "swiss"]
[EventRounds "7"]
[EventCountry "ESP"]
[SourceTitle "EXT 2024"]
[Source "ChessBase"]
[SourceDate "2023.10.10"]
[SourceVersion "1"]
[SourceVersionDate "2023.10.10"]
[SourceQuality "1"]

1. e4 c5 2. Nc3 d6 3. f4 Nc6 4. Bc4 g6 5. Nf3 Bg7 6. 0-0 Nf6 7. d3 0-0 8. a3 a6 9. Qe1 b5 10. Ba2 e6 11. Kh1 Bb7 12. Qh4 Nd7 13. Qh3 Nd4 14. Nxd4 cxd4 15. Ne2 Rc8 16. c3 dxc3 17. bxc3 Nc5 18. f5 exf5 19. exf5 d5 20. Bh6 Qf6 21. Bxg7 Kxg7 22. fxg6 Qxg6 23. Rf3 Kh8 24. Raf1 Ne6 25. Rf6 Qg7 26. d4 Ng5 27. Qf5 Rce8 28. Ng3 Re6 29. Nh5 Rxf6 30. Nxf6 Qg6 31. Qe5 Qg7 32. Bb1 Ne4 33. Bxe4 dxe4 34. Rf4 Rc8 35. Rg4 Qh6 1-0

[Event "Provincial-ch Valencia Primera"]
[Site "Valencia"]
[Date "2012.10.20"]
[Round "2"]
[White "Vila Tormo, Eduardo"]
[Black "Perez Sanchez, Orestes"]
[Result "1-0"]
[WhiteElo "1718"]
[BlackElo "1885"]
[PlyCount "123"]
[EventDate "2012.10.06"]
[EventType "swiss"]
[EventRounds "7"]
[EventCountry "ESP"]
[SourceTitle "EXT 2024"]
[Source "ChessBase"]
[SourceDate "2023.10.10"]
[SourceVersion "1"]
[SourceVersionDate "2023.10.10"]
[SourceQuality "1"]

1. c4 Nf6 2. d4 d6 3. g3 c6 4. Bg2 Bg4 5. Nc3 Nbd7 6. Nf3 Bxf3 7. Bxf3 e5 8. d5 c5 9. 0-0 Be7 10. Be3 0-0 11. Rb1 b6 12. a3 a6 13. b4 Qc7 14. Na4 Rab8 15. Qc2 Kh8 16. g4 Rfc8 17. b5 a5 18. g5 Ng8 19. Qf5 Rf8 20. Be4 g6 21. Qh3 Kg7 22. Rb3 f5 23. gxf6+ Ndxf6 24. Bc2 Qc8 25. Bd2 Qxh3 26. Rxh3 Nd7 27. f4 Bf6 28. f5 g5 29. Rg3 h6 30. h4 Kf7 31. hxg5 Bxg5 32. Bxg5 hxg5 33. Rxg5 Ngf6 34. Rf2 Rg8 35. Rfg2 Rxg5 36. Rxg5 Rg8 37. Rg6 e4 38. Rxg8 Kxg8 39. Kf2 Ng4+ 40. Kg3 Ne3 41. Bxe4 Nxc4 42. Bd3 Nxa3 43. e4 Kf7 44. Kf3 Kf6 45. Kf4 c4 46. Be2 Ne5 47. Ke3 Nxb5 48. Nxb6 Na3 49. Kd4 Nb5+ 50. Ke3 Na3 51. Kd2 Nb1+ 52. Kc2 Na3+ 53. Kb2 Nb5 54. Bxc4 Nd4 55. Nc8 Nxc4+ 56. Kc3 Ke5 57. Kxc4 Ne2 58. f6 Kxf6 59. Nxd6 a4 60. Nb5 Ke5 61. d6 Ng3 62. d7 1-0